The history of modern Wiltshire (Record no. 114076)

MARC details
000 -LEADER
fixed length control field 01997cam a22003135a 4500
001 - CONTROL NUMBER
control field L156173
008 - FIXED-LENGTH DATA ELEMENTS--GENERAL INFORMATION
fixed length control field 120502s1822 xxk f 000 0 eng d
035 ## - SYSTEM CONTROL NUMBER
System control number (Sirsi) u156173
041 0# - LANGUAGE CODE
Language code of text/sound track or separate title eng
100 1# - MAIN ENTRY--PERSONAL NAME
Personal name Hoare, Richard Colt
Titles and words associated with a name Sir
Dates associated with a name 1758-1838
245 04 - TITLE STATEMENT
Title The history of modern Wiltshire
260 ## - PUBLICATION, DISTRIBUTION, ETC.
Place of publication, distribution, etc. London
Name of publisher, distributor, etc. J. Nichols
Date of publication, distribution, etc. 1822
300 ## - PHYSICAL DESCRIPTION
Extent 14 pt. in 6 v
Other physical details front., illus., ports., maps (part double) plans, facsims, geneal. tables
Dimensions 44-45 cm.
505 2# - FORMATTED CONTENTS NOTE
Formatted contents note v. 1. Mere. Heytesbury.--v. 2. Branch and Dole, by the Rev. J. Offer, and Sir R. C. Hoare. Everley, Ambresbury, and Underditch.--v. 3. Westbury, by R. Harris and Sir R. C. Hoare. Warminster, by H. Wansey and Sir R. C. Hoare. South Damerham, by W. H. Black and Sir R. C. Hoare. Downton, by G. Matcham [and Sir R. C. Hoare] Cawden.--v. 4. Dunworth and Vale of Noddre, by Baron Arundell and Sir R. C. Hoare. Chalk, by C. Bowels [and Sir R. C. Hoare]--v. 5. Alderbury [by Sir R. C. Hoare and J. G. Nichols] Frustfield, by G. Matcham and Sir R. C. Hoare. Addenda to the several hundreds; and general index to the whole work.--v. 6. Old and New Sarum or Salisbury, by R. Benson and H. Hatcher
520 ## - SUMMARY, ETC.
Summary, etc. Issued in 14 parts, each with title "The history of modern Wiltshire." For the convenience of binding the small paper copies, 5 special title-pages were issued with v. 5, having title "The modern history of South Wiltshire ... " No added t.p. was issued with v. 6.
583 0# - ACTION NOTE
Action Condition reviewed
Time/date of action 20120620
Status condition level 4 (all) detached boards
651 #4 - SUBJECT ADDED ENTRY--GEOGRAPHIC NAME
Geographic name England
Chronological subdivision 886-
690 ## - LOCAL SUBJECT ADDED ENTRY--TOPICAL TERM (OCLC, RLIN)
Topical term or geographic name as entry element Rural
9 (RLIN) 6268
700 1# - ADDED ENTRY--PERSONAL NAME
Personal name Offer, John
Titles and other words associated with a name Rev
700 1# - ADDED ENTRY--PERSONAL NAME
Personal name Harris, Richard
700 1# - ADDED ENTRY--PERSONAL NAME
Personal name Wansey, Henry
Dates associated with a name 1751-1827
700 1# - ADDED ENTRY--PERSONAL NAME
Personal name Black, William Henry
Dates associated with a name 1808-1872
700 1# - ADDED ENTRY--PERSONAL NAME
Personal name Arundell of Wardour, James Everard Arundell
Titles and other words associated with a name 10th Baron
Dates associated with a name 1785-1834
700 1# - ADDED ENTRY--PERSONAL NAME
Personal name Bowles, Charles
Dates associated with a name 1766-1837
700 1# - ADDED ENTRY--PERSONAL NAME
Personal name Nichols, John Gough
Dates associated with a name 1806-1873
700 1# - ADDED ENTRY--PERSONAL NAME
Personal name Matcham, George
Dates associated with a name 1789-1834
700 1# - ADDED ENTRY--PERSONAL NAME
Personal name Benson, Robert
Dates associated with a name 1797-1844
942 ## - ADDED ENTRY ELEMENTS (KOHA)
Suppress in OPAC 0
Holdings
Withdrawn status Lost status Source of classification or shelving scheme Damaged status Not for loan Home library Current library Shelving location Date acquired Total Checkouts Full call number Barcode Date last seen Copy number Price effective from Koha item type
    Dewey Decimal Classification     Historic collection Historic collection Historic collection 02/05/2012   FOLIO 1822 HOARE VOLUME 1 30077710 06/08/2019 1 06/08/2019 Book
    Dewey Decimal Classification     Historic collection Historic collection Historic collection 02/05/2012   FOLIO 1822 HOARE VOLUME 2 30077711 06/08/2019 1 06/08/2019 Book
    Dewey Decimal Classification     Historic collection Historic collection Historic collection 02/05/2012   FOLIO 1822 HOARE VOLUME 3 30077712 06/08/2019 1 06/08/2019 Book
    Dewey Decimal Classification     Historic collection Historic collection Historic collection 02/05/2012   FOLIO 1822 HOARE VOLUME 4 30077713 06/08/2019 1 06/08/2019 Book
    Dewey Decimal Classification     Historic collection Historic collection Historic collection 02/05/2012   FOLIO 1822 HOARE VOLUME 5 30077714 06/08/2019 1 06/08/2019 Book
    Dewey Decimal Classification     Historic collection Historic collection Historic collection 02/05/2012   FOLIO 1822 HOARE VOLUME 6 30077715 06/08/2019 1 06/08/2019 Book